Compound Containment (Record no. 22014)
[ view plain ]
| 000 -LEADER | |
|---|---|
| fixed length control field | 00820nam a2200121Ia 4500 |
| 008 - FIXED-LENGTH DATA ELEMENTS--GENERAL INFORMATION | |
| fixed length control field | 220620s9999||||xx |||||||||||||| ||und|| |
| 100 ## - MAIN ENTRY--PERSONAL NAME | |
| Personal name | Kim, Dong Jung |
| 245 #0 - TITLE STATEMENT | |
| Title | Compound Containment |
| Remainder of title | A Reigning Power's Military-Economic Countermeasures against a Challenging Power |
| 546 ## - LANGUAGE NOTE | |
| Language note | English[eng] |
| 650 ## - SUBJECT ADDED ENTRY--TOPICAL TERM | |
| Topical term or geographic name entry element | Balance of Power, Balancing, Cold War, Containment: Economy-Security Nexus, Economic Statecraft, Economic Warfare, Geoeconomics, Grand Strategy, Great Power Politics, Hegemonic Competition, Interdependence, International Relations Theory, International Structure, Liberalism, Major Wars, Material Power, Realism, Rise of China, Sino-U.S. Competition, Structural Theory, Thucydides Trap, U.S. Foreign Policy |
| 856 ## - ELECTRONIC LOCATION AND ACCESS | |
| Uniform Resource Identifier | <a href="https://library.oapen.org/bitstream/20.500.12657/53689/1/9780472902804.pdf">https://library.oapen.org/bitstream/20.500.12657/53689/1/9780472902804.pdf</a> |
| 942 ## - ADDED ENTRY ELEMENTS (KOHA) | |
| Koha item type | E-Books |
| Withdrawn status | Lost status | Damaged status | Not for loan | Home library | Current library | Date acquired | Total Checkouts | Date last seen | Price effective from | Koha item type |
|---|---|---|---|---|---|---|---|---|---|---|
| Kerala University of Digital Sciences, Innovation and Technology Knowledge Centre | Kerala University of Digital Sciences, Innovation and Technology Knowledge Centre | 20/06/2022 | 20/06/2022 | 20/06/2022 | E-Books |